Регионална библиотека "Любен Каравелов" - Русе

Стихотворения (Запис номер 183062)

MARC детайли
000 -Лидер
Контролно поле с фиксирана дължина 01078nam a2200277 a 4500
003 - Код на организацията, давaща контролен номер
Контролно поле BLK
005 - Дата и час на последна редакция
Контролно поле 20240405095142.0
008 - Елементи от данни с фиксирана дължина
fixed length control field 180411b bul|||||r ||||||| ||bul||
010 ## - Наследен системен номер
LC control number KNG00191988000
040 ## - Източник на каталожния запис
Идентификатор на билиотеката - собственик на записа BLK
041 ## - Код за език
Код за езика на текст/звукозапис или на отделно заглавие Български
Код за езика КДБФ Български
080 ## - УДК
Текстов определител УДК Българска литература
УДК код - определител по УДК 821.163.2
УДК определител -1
УДК - код + определител 821.163.2-1
100 1# - Редна дума - Автор
Автор Германов, Андрей Димитров
Дати, свързани с автора 1932-1981
R(LIN) 53612
139 ## - Редно поле
Редна дума Германов, Андрей Димитров
Авторски знак Герм - Г 40
245 10 - Сведения за заглавието
Заглавие Стихотворения
Редно поле (дума) Андрей Димитров Германов; худож. Румен Скорчев.
257 ## - Страна на издаване
Страна на създаване/издаване България
260 ## - Област на издателските данни
Място на издаване, разпространение и проч. София
Име на издателя, разпространителя и проч. Нар. младеж
Година на издаване 1973
300 ## - Физическа характеристика
Страници 216 с.
Илюстрации и др. с ил., 1 л. портр.
Размери/Мащаб 21 см
380 ## - Жанр
Жанр Худож. лит.
490 ## - СЕРИИ (Колекции)
Име на серия Поредица Поколение
9 (RLIN) 205271
700 ## - Други автори (авторска отговорност)
Лично име Скорчев, Румен Денев
Дати, свързани с автора 1932 - 2015
Друга информация Художник.
9 (RLIN) 244097
852 ## - Местоположение
Форматна сигнатура Цб 68732
Фондова буква Хранилище
999 ## - СИСТЕМНИ КОНТРОЛНИ НОМЕРА
Koha biblionumber 183062
Koha biblioitemnumber 183062
942 ## - АРТИКУЛИ
Вид на библиотечния материал Книги
Скрит в OPAC Не
Периодичен библиозапис Да
944 ## - СЪЗДАВАНЕ И РЕДАКЦИЯ на ЗАПИСА
Създаване/Редакция Създаване
Дата на регистрацията/редакция 07.10.2016
Служител, извършил регистрацията/редакцията 30560
Статус, дата на статуса Геновева Генчева
944 ## - СЪЗДАВАНЕ И РЕДАКЦИЯ на ЗАПИСА
Създаване/Редакция Редакция
Дата на регистрацията/редакция 2022-08-04
Служител, извършил регистрацията/редакцията ГГГ
Наличности
Код за отписване Код за изгубен артикул Източник на класификационната схема Код за повреда Коз за рестрикции Код за отдаване Артикулен № Име на библиотеката - собственик Име на библиотеката, в която се намира в момента Статус (Текущо местоположение) Дата на вписване в системата Местоположение - отдел Цена в лева Инвентарен номер Систематично азбучна сигнатура Баркод Номер на екземпляра Цена в евро Служебна бележка Служебен тип на артикула
  Не е изгубен Universal Decimal Classification Не е повреден само за читалня ползва се в читалня 315212 Регионална библиотека "Любен Каравелов" Русе Регионална библиотека "Любен Каравелов" Русе Хранилище 1973-01-01 Хранилище 1.72 140872 Цб 68732 120000140872 1 0.88 N: стар фонд Дата: 01.01.1973 Книги
Изтеглен Не е изгубен Universal Decimal Classification Не е повреден без рестрикции заемане за дома 315213 Регионална библиотека "Любен Каравелов" Русе Регионална библиотека "Любен Каравелов" Русе Заемна - подръчен фонд 1973-01-01 Заемна - подръчен фонд 1.72 141602 П 886.7-1/Г 40 141602 2 0.88 N: стар фонд Дата: 01.01.1973 Дата инв: 15.02.2018 Бележки инв: П2018 Книги
Изтеглен Не е изгубен Universal Decimal Classification Не е повреден без рестрикции заемане за дома 315214 Регионална библиотека "Любен Каравелов" Русе Регионална библиотека "Любен Каравелов" Русе Заемна - подръчен фонд 1973-01-01 Заемна - подръчен фонд 1.72 141601 П 886.7-1/Г 40 141601 3 0.88 N: стар фонд Дата: 01.01.1973 Дата инв: 16.02.2018 Бележки инв: П2018 Книги
Vip Innovations Ltd, Rousse, Bulgaria 2025